| 000 | 00501nam a22001817a 4500 | ||
|---|---|---|---|
| 999 |
_c195327 _d195327 |
||
| 005 | 20230317161952.0 | ||
| 010 | _aENG-136409 | ||
| 020 |
_a9788178245539 _c595.00 |
||
| 035 | _aEN-119941 | ||
| 037 | _bDBAD/PUB | ||
| 082 | _a320.5662 | ||
| 100 | _aChatterjee,Partha | ||
| 245 |
_aI Am The People / _cBy Partha Chatterjee |
||
| 260 |
_aJaipur _bOrient Black Pvt Ltd _c2020 |
||
| 270 | _mwww.OrientBlackswan.com | ||
| 300 |
_a185p. _c21cm(hbk) |
||
| 942 |
_2ddc _cEN _h320.5662 _mPAR |
||